| 000 | 00604nam a2200169Ia 4500 | ||
|---|---|---|---|
| 999 |
_c3282 _d3282 |
||
| 008 | 200103s 2000 ||||xx |||||||||||||| ||und|| | ||
| 020 | _a9788175980174 | ||
| 082 |
_a363.7394 _bIMO |
||
| 110 | _aInternational Maritime Organization | ||
| 245 | 0 | _aAnnex VI of MARPOL 73/78 regulations for the prevention of air pollution from ships and NOx technical code | |
| 260 |
_bSterling Book House _c2000 _aMumbai |
||
| 300 | _avi, 150 p. | ||
| 650 | _aRequirements for control of emissions from ships | ||
| 650 | _aNitrogen oxides emission standards | ||
| 650 | _aCO2 emissions from ships | ||
| 942 | _cBK | ||